| 000 | 00739nam a2200229 a 4500 | ||
|---|---|---|---|
| 999 |
_c3729 _d3729 |
||
| 001 | 3729 | ||
| 003 | BD-JhCC | ||
| 005 | 20171116202820.0 | ||
| 008 | 171116s2008 bg a|||| ||a| 000 0 ben d | ||
| 020 | _a9848708618 | ||
| 035 | _a(BD-JhCC) 3729 | ||
| 040 |
_aBD-JhCC _dBD-JhCC |
||
| 041 | _aben | ||
| 082 |
_a954.92 _b2008 |
||
| 100 | _aমামুন, মুনতাসীর | ||
| 245 |
_aশরীয়তউল্লাহ, তিতুমীর ও দুদুমিয়ার লড়াই / _c মুনতাসীর মামুন |
||
| 260 |
_aঢাকা : _bসাহিত্য বিলাস , _c2008 |
||
| 300 |
_a78 p .: _c22 cm . |
||
| 650 | _aHistory of Bangladesh | ||
| 942 |
_2ddc _cBK |
||